Stades de football en France - Mort subite - Statistiques

Statistiques générales
  • Ce quiz a été pris 611 fois
    46 depuis la dernière actualisation
  • Le résultat moyen est 7 sur 20
Answers on the Grid
Answers color-coded by a green-red scale on the quiz's grid according to % correct below.
icon_z92_8427-scaled.jpg
image.jpg?v=1
1200x680_sc_whatsapp-image-2024-08-21-at-11-33-02.jpg
RC-Lens-achat-stade.jpg
7400-tonnes-toiture.jpg
Icon_21052022-D51_7599.jpg
363240-Nice.jpg
caremaphotosvpaul3.jpg
e453426_1708960702820-06-a-groupama-stadium-populous-intens-citei-paul-thouvenin.JPG
huge-972e08739d71bcd7e6f09fc218af16d1.jpg
Le_Roazhon_Park_de_jour_en_2021.jpg
Stade_du_Moustoir.jpg
5c18ccf78f6a4d5c7ed5d6798b0eeab8-stadedefrance1.jpg?auto=format&w=900&h=562.5&q=90&ar=16%3A10&fit=crop
stade-geoffroy-guichard.jpg
stade-oceane.jpg
si-elle-n-accueillera-pas-de-public-au-moins-avant-le-mois-de-janvier-2021-la-tribune-sud-du-stade-saint-symphorien-a-d-ores-et-deja-fiere-allure-photo-maury-golini-1620657490.jpg
image?url=https%3A%2F%2Fsp-static-images.s3.amazonaws.com%2Fvenue_images%2Fligue1%2Fstade-auguste-delaune%2F1200x630_auto%2Fstade-auguste-delaune.jpg&w=3840&q=75
photo16.jpg
GGnXjomXUAAeLZe.jpg:large
1200x680?webp=false
images?q=tbn:ANd9GcQ5U6IEEPjiywm92ZtJrkEsthLzR9J7wIICSA&s
GettyImages-884411976.jpg?auto=webp&itok=w7-4LWKS
citec_juventusstadium_juventusFCS_torino_2-1.jpg
72885-Anfield-Road-Stadium.jpg
thfc_interior_h.jpg
Villa_Park.jpg
12895_fr-12633-es-bernabeu-l35-architects-04sw1920sh1080ct1.sw1440.sh810.ct1.jpg
cdb47e2cae763ae67d7d110c165a1843.jpg
 
Statistiques - réponses
Réponse % Correct
Marseille - Orange Vélodrome caremaphotosvpaul3.jpg
63%
Auxerre - Stade Abbé Deschamps 1200x680_sc_whatsapp-image-2024-08-21-at-11-33-02.jpg
59%
Nantes - Stade de la Beaujoire Icon_21052022-D51_7599.jpg
56%
Paris - Parc des Princes huge-972e08739d71bcd7e6f09fc218af16d1.jpg
48%
Lorient - Stade du Moustoir Stade_du_Moustoir.jpg
48%
Saint-Étienne - Stade Geoffroy-Guichard stade-geoffroy-guichard.jpg
48%
Angers - Stade Raymond Kopa icon_z92_8427-scaled.jpg
44%
Lens - Stade Bollaert-Delelis RC-Lens-achat-stade.jpg
41%
Montpellier - Stade de la Mosson GGnXjomXUAAeLZe.jpg:large
37%
Rennes - Roazhon Park Le_Roazhon_Park_de_jour_en_2021.jpg
37%
Reims - Stade Auguste Delaune image?url=https%3A%2F%2Fsp-static-images.s3.amazonaws.com%2Fvenue_images%2Fligue1%2Fstade-auguste-delaune%2F1200x630_auto%2Fstade-auguste-delaune.jpg&w=3840&q=75
33%
Nice - Allianz Riviera 363240-Nice.jpg
30%
Saint-Denis - Stade de France 5c18ccf78f6a4d5c7ed5d6798b0eeab8-stadedefrance1.jpg?auto=format&w=900&h=562.5&q=90&ar=16%3A10&fit=crop
30%
Guingamp - Stade de Roudourou photo16.jpg
30%
Bordeaux - Matmut Atlantique 1200x680?webp=false
26%
Toulouse - Stadium de Toulouse image.jpg?v=1
22%
Lille - Stade Pierre-Mauroy 7400-tonnes-toiture.jpg
22%
Metz - Stade Saint-Symphorien si-elle-n-accueillera-pas-de-public-au-moins-avant-le-mois-de-janvier-2021-la-tribune-sud-du-stade-saint-symphorien-a-d-ores-et-deja-fiere-allure-photo-maury-golini-1620657490.jpg
19%
Lyon - Groupama Stadium e453426_1708960702820-06-a-groupama-stadium-populous-intens-citei-paul-thouvenin.JPG
19%
Le Havre - Stade Océane stade-oceane.jpg
19%
Aucun quiz correspondant
Distribution des résultats
% des personnes avec chaque résultat
Percentile par nombre de réponses
Votre historique - résultats
Vous n’avez pas pris ce quiz depuis la dernière actualisation